Weed management in the humid and sub-humid tropics (Record no. 43923)

MARC details
000 -LEADER
fixed length control field 00406nam a2200133Ia 4500
082 ## - DEWEY DECIMAL CLASSIFICATION NUMBER
Classification number 632.51(160.23)
Item number VAN
100 ## - MAIN ENTRY--AUTHOR NAME
Personal name Rijn, Van P J
245 #0 - TITLE STATEMENT
Title Weed management in the humid and sub-humid tropics
260 ## - PUBLICATION, DISTRIBUTION, ETC. (IMPRINT)
Place of publication The Netherlands
Name of publisher Royal Tropical Institute
Year of publication 2000
650 ## - SUBJECT ADDED ENTRY--TOPICAL TERM
Topical Term Plantation crops weed control
650 ## - SUBJECT ADDED ENTRY--TOPICAL TERM
Topical Term Rubber weed control
942 ## - ADDED ENTRY ELEMENTS (KOHA)
Koha item type Books
Holdings
Withdrawn status Lost status Damaged status Not for loan Home library Current library Date acquired Source of acquisition Full call number Accession Number Koha item type
        RRII Library RRII Library 16/12/2021 Gift 632.51(160.23) VAN G00672 Books